| 000 | 00490nmm a2200157Ia 4500 | ||
|---|---|---|---|
| 008 | 251105s9999||||xx |||||||||||||||||und|| | ||
| 020 | _a9781558853379 | ||
| 041 |
_aspa _aeng |
||
| 100 | _aGonzales Bertrand, Diane | ||
| 245 | 0 | _aUncle Chente's picnic = El picnic de tío Chente | |
| 264 |
_a[Washington, Estados Unidos] : _bArte Público Press, _c2001 |
||
| 300 | _a32 páginas | ||
| 650 | _aAges 6-8 Years Old | ||
| 856 | _uhttps://public.digitaliapublishing.com/a/23197 | ||
| 942 | _cCF | ||
| 999 |
_c74729 _d74729 |
||